Language Quiz

Random Language Quiz

Words Ending in ono Quiz Stats

 Plays Quiz not verified by Sporcle

Challenge
Share
Tweet
Embed
Score 0/7 Timer 02:00
0 Plays Today
Clue Word % Correct
John Lennon's wife Yoko ____Ono
94.1%
Japanese traditional garmentKimono
88.2%
U2's frontman Bono
88.2%
Prefix for one, alone, single or short for mononucleosisMono
82.4%
A thing that is not possible or acceptable (informal)No-no
58.8%
Choice Hotels chain of motels, ______ LodgeEcono
41.2%
Capital city of the La Rioja province, SpainLogrono
11.8%

You're not logged in!

Compare scores with friends on all Sporcle quizzes.
OR
Log In

You Might Also Like...

Show Comments

Extras

Created Feb 26, 2017ReportNominate
Tags:ending

Top Quizzes Today


Score Distribution

Your Account Isn't Verified!

In order to create a playlist on Sporcle, you need to verify the email address you used during registration. Go to your Sporcle Settings to finish the process.

Report this User

Report this user for behavior that violates our Community Guidelines.

Details: